Cuba pour les touristes... - Statistiques

Statistiques générales
  • Ce quiz a été pris 74 fois
  • Le résultat moyen est 11 sur 20
Statistiques - réponses
Question Indice Réponses % Correct
Quelle est la langue officielle ? Espagnol
100%
Le principal aéroport est L H La Havane
90%
Quelles sont les principaux lieux touristiques ? L H La Havane
90%
Avez-vous besoin d'un visa ? (oui/non) Oui
87%
La conduite se fait à droite ou à gauche ? Droite
84%
Achats à faire 2/ Alcool Rhum
82%
Combien d'heures (environ) mettrez-vous pour vous y rendre ? (en chiffres) 10
74%
Dans la capitale quel est le décalage horaire avec Paris ? (+ ou - et chiffre) ex - 10 - 6
74%
Le suffixe internet est cu
66%
Achats à faire 1/ Déconseillés pour la santé Cigares
55%
La vitesse est limitée hors des villes à {100} km/h
52%
Quelles sont les principaux lieux touristiques ? S D C Santiago de Cuba
45%
Quelle est la monnaie ? Peso cubain
34%
La religion majoritaire est Catholicisme
31%
Quelles sont les principaux lieux touristiques ? T Trinidad
31%
Quelles sont les principaux lieux touristiques ? S C Santa Clara
24%
Quel est le climat local ? S Subtropical
24%
Achats à faire 4/ Instrument de musique Maracas
16%
Comment se nomme la principale compagnie aérienne locale C D A Cubana de aviacion
8%
Achats à faire 3/ Chocolat de Baracoa
2%
Aucun quiz correspondant
Distribution des résultats
% des personnes avec chaque résultat
Percentile par nombre de réponses
Votre historique - résultats
Vous n’avez pas pris ce quiz